MARC

LEADER 00000nam1a2200000 4500
001 381358
005 20231101062823.0
011 |a 0130-951X 
035 |a (RuTPU)RU\TPU\prd\3882 
035 |a RU\TPU\prd\197 
090 |a 381358 
100 |a 20020516b1963 k y0rusy50 ca 
101 0 |a rus 
102 |a RU 
200 1 |a Нефтяная промышленность. Серия: Машины и нефтяное оборудование  |e реферативный научно-технический сборник  |f Всесоюзный научно-исследовательский институт организации, управления и экономики нефтегазовой промышленности (ВНИИОЭНГ) 
210 |a Москва  |c ВНИИОЭНГ  |d 1980-1983 
305 |a Издается с 1963 г. 
326 |a 12 номеров в год 
430 1 |0 (RuTPU)RU\TPU\prd\824  |x 0130-951X  |t Машины и нефтяное оборудование  |o научно-технический сборник  |f Всесоюзный научно-исследовательский институт организации, управления и экономики нефтегазовой промышленности (ВНИИОЭНГ)  |c Москва  |n ВНИИОЭНГ  |d 1963-1979 
610 1 |a нефтяное оборудование 
610 1 |a бурение 
610 1 |a нефтяная промышленность 
610 1 |a нефтяная техника 
610 1 |a нефтяное дело 
675 |a 665.6.02  |v 3 
675 |a 622.276.05  |v 3 
712 0 2 |a Всесоюзный научно-исследовательский институт организации, управления и экономики нефтегазовой промышленности (ВНИИОЭНГ)  |2 stltpush  |3 (RuTPU)RU\TPU\col\5641 
801 0 |a RU  |b 63413507  |c 20011210  |g PSBO 
801 2 |a RU  |b 63413507  |c 20130722  |g PSBO 
942 |c CR